000 00413pab a2200145 454500
008 180718b1999 xxu||||| |||| 00| 0 eng d
100 _aByres, T.J.
245 _aRural labour relations in India: persistent themes, common processes and differential outcomes
260 _c1999
300 _ap.10-24
362 _aJan-Apr
650 _aLabour relations
773 _aJournal of Peasant Studies
909 _a41325
999 _c41325
_d41325